| 000 | 01067nam a2200229Ia 4500 | ||
|---|---|---|---|
| 001 | L264-28395 | ||
| 003 | IT-CnALBA | ||
| 008 | 170116s9999||||xx |||||||||||||| ||und|| | ||
| 040 |
_aIT-CnALBA _cIT-CnALBA |
||
| 041 | _aITALIANO | ||
| 100 | _aGHIDELLI CARLO, SAC. | ||
| 245 | 0 | _aLITURGIA COME VITA. RIFLESSIONI BIBLICHE SULL'ANNO LITURGICO | |
| 250 | _a1a ed. | ||
| 260 |
_aMILANO _bPROPAGANDA LIBR. ISTITUTO, IPL. _c1983 [1° Ed.:1983 - Ed.Ling.Originale: 1983] |
||
| 300 | _a129 p. | ||
| 500 | _aAVVENTO. ATTESA. NATALE, MEDITAZIONE BIBLICA. QUARESIMA: CRISTO NEL DESERTO CHIESA PENITENTE. LO SPIRITO DEL RISORTO. GESÙ E LA FOLLA. PICCOLI GRUPPI INDIVIDUI SINGOLI. | ||
| 501 | _aSocietà San Paolo EM - Piazza San Paolo, 14 - 12051 ALBA (CN) (non commercial uses only) ® Copyright 2017 | ||
| 520 | _aAVVENTO. ATTESA. NATALE, MEDITAZIONE BIBLICA. QUARESIMA: CRISTO NEL DESERTO CHIESA PENITENTE. LO SPIRITO DEL RISORTO. GESÙ E LA FOLLA. PICCOLI GRUPPI INDIVIDUI SINGOLI. | ||
| 650 | _aCULTO PUBBLICO LITURGIA | ||
| 942 | _cBK | ||
| 957 | _71 | ||
| 999 |
_a33164 _bNO _g Copie: 1 _c287344 _d287344 |
||